<?xml version="1.0" encoding="UTF-8"?><?xml-stylesheet type="text/xsl" href="static/style.xsl"?><OAI-PMH xmlns="http://www.openarchives.org/OAI/2.0/" xmlns:xsi="http://www.w3.org/2001/XMLSchema-instance" xsi:schemaLocation="http://www.openarchives.org/OAI/2.0/ http://www.openarchives.org/OAI/2.0/OAI-PMH.xsd"><responseDate>2026-06-01T04:22:18Z</responseDate><request verb="GetRecord" identifier="oai:riuma.uma.es:10630/16690" metadataPrefix="marc">https://riuma.uma.es/rest/oai/request</request><GetRecord><record><header><identifier>oai:riuma.uma.es:10630/16690</identifier><datestamp>2026-02-03T12:17:49Z</datestamp><setSpec>com_10630_2254</setSpec><setSpec>col_10630_37959</setSpec></header><metadata><record xmlns="http://www.loc.gov/MARC21/slim" xmlns:dcterms="http://purl.org/dc/terms/" xmlns:doc="http://www.lyncode.com/xoai" xmlns:xsi="http://www.w3.org/2001/XMLSchema-instance" xsi:schemaLocation="http://www.loc.gov/MARC21/slim http://www.loc.gov/standards/marcxml/schema/MARC21slim.xsd">
   <leader>00925njm 22002777a 4500</leader>
   <datafield ind2=" " ind1=" " tag="042">
      <subfield code="a">dc</subfield>
   </datafield>
   <datafield ind2=" " ind1=" " tag="720">
      <subfield code="a">Russier, Vincent</subfield>
      <subfield code="e">author</subfield>
   </datafield>
   <datafield ind2=" " ind1=" " tag="260">
      <subfield code="c">2018-10-24</subfield>
   </datafield>
   <datafield ind2=" " ind1=" " tag="520">
      <subfield code="a">In this presentation, after a brief overview of the topic we present Monte Carlo simulations aimed&#xd;
at model an actual experimental situation, namely the magnetic phases of well ordered superlattices&#xd;
made of either Co or  Fe2O3. The model considered is the simplest effective macro-spin model,&#xd;
namely a monodisperse ensemble of dipolar hard spheres located on the nodes of a fcc lattice, with&#xd;
uniaxial MAE. We focus on the characterization of the low temperature phase of the system and consequently&#xd;
on the conditions under which the SFM can be obtained in the framework of the finite size scaling.&#xd;
The results are discussed with respect to the the disorder control variable which is either the amplitude of the&#xd;
MAE or the variance of the easy axes orientational distribution.</subfield>
   </datafield>
   <datafield ind1="8" ind2=" " tag="024">
      <subfield code="a">https://hdl.handle.net/10630/16690</subfield>
   </datafield>
   <datafield tag="653" ind2=" " ind1=" ">
      <subfield code="a">Método de Monte Carlo</subfield>
   </datafield>
   <datafield tag="653" ind2=" " ind1=" ">
      <subfield code="a">Metales</subfield>
   </datafield>
   <datafield ind2="0" ind1="0" tag="245">
      <subfield code="a">Conferencia: "Phase diagram of magnetic nanoparticles ensembles from Monte Carlo simulations in the framework of an effective macro spin model."</subfield>
   </datafield>
</record>
</metadata></record></GetRecord></OAI-PMH>